History of Germany, 1780-1918 : the long nineteenth century
Αποθηκεύτηκε σε:
| Κύριος συγγραφέας: | |
|---|---|
| Μορφή: | Βιβλίο |
| Γλώσσα: | English |
| Δημοσίευση: |
Malden :
Blackwell Pub,
2003
|
| Έκδοση: | 2nd ed. |
| Σειρά: | Blackwell classic histories of Europe
|
| Θέματα: | |
| Ετικέτες: |
Προσθήκη ετικέτας
Δεν υπάρχουν, Καταχωρήστε ετικέτα πρώτοι!
|
MARC
| LEADER | 00000nam a2200000 i 4500 | ||
|---|---|---|---|
| 001 | 1/91365 | ||
| 008 | 080722s2003 eng d | ||
| 020 | |a 978-0-631-23196-7 | ||
| 035 | |l 10099132 | ||
| 040 | |a GR-MY-UA |b gre |e aacr | ||
| 041 | 0 | |a eng | |
| 082 | 0 | |a 943.07 |2 (22) | |
| 100 | 1 | |a Blackbourn, David |d 1949- | |
| 245 | 1 | 0 | |a History of Germany, 1780-1918 : |b the long nineteenth century / |c David Blackbourn |
| 250 | |a 2nd ed. | ||
| 260 | |a Malden : |b Blackwell Pub, |c 2003 | ||
| 300 | |a xii, 452 σ.; |b εικ.; |c 24 εκ. | ||
| 490 | 1 | |a Blackwell classic histories of Europe | |
| 504 | |a Βιβλιογραφία: σ. 401-418 | ||
| 504 | |a Ευρετήριο: σ. 419-452 | ||
| 651 | 0 | |a Germany |x History |y 1789-1900. | |
| 651 | 0 | |a Germany |x History |y 1871-1918. | |
| 651 | 0 | |a Germany |x Intellectual life |y 19th century. | |
| 651 | 0 | |a Germany |x Social conditions |y 19th century. | |
| 651 | 0 | |a Germany |x Social conditions |y 1871-1918. | |
| 830 | 0 | |a Blackwell classic histories of Europe | |
| 852 | |a INST |b LESVOS |e 20080722 |h 943.07 BLA |p 005100042753 |q 005100042753 |t BK |y 0 | ||
| 901 | |a BIBL1-2008-2 | ||
| 909 | |a Λ |b 145287 | ||
| 922 | |a 1ΕΛΗ |b 200801 |c ΕΠΕΑΕΚ2/ΤΚΑ |d ΕΛΕΥΘΕΡΟΥΔΑΚΗΣ | ||
| 970 | |a ΧΑΤΖΗΜΙΧΑΗΛ |b ΜΑΡΙΑ |z 2008/07/22 | ||